Statistics for How many times can you type K Y R G Y Z S T A N in 15 Seconds?

Click here to take the quiz!

General Stats

  • This quiz has been taken 308 times
  • The average score is 42 of 100

Answer Stats

Letter % Correct
K
100%
Y
96%
R
94%
G
94%
Y
93%
Z
88%
S
87%
T
87%
A
87%
N
87%
K
86%
G
84%
R
84%
Y
84%
Z
82%
Y
82%
S
81%
T
80%
A
80%
N
79%
K
79%
Y
76%
R
73%
G
73%
Y
71%
A
69%
Z
69%
T
69%
S
69%
N
67%
K
64%
Y
64%
R
64%
G
63%
Y
62%
Z
61%
S
57%
T
55%
A
54%
N
54%
K
52%
Y
52%
R
51%
G
50%
Y
47%
Z
44%
S
43%
T
43%
A
41%
N
40%
K
37%
Y
36%
R
35%
G
32%
Y
31%
Z
30%
S
27%
T
25%
A
25%
N
25%
K
24%
Y
23%
R
21%
G
19%
Y
19%
Z
15%
S
13%
T
13%
A
13%
N
13%
K
12%
Y
12%
R
11%
T
10%
S
10%
Z
10%
Y
10%
G
10%
A
9%
K
9%
Y
9%
N
8%
R
8%
G
7%
Y
7%
Z
7%
A
6%
T
6%
S
6%
N
5%
K
5%
Y
4%
R
4%
G
4%
Y
4%
Z
3%
S
3%
T
3%
A
3%
N
2%

Score Distribution

Percentile by Number Answered

Percent of People with Each Score

Your Score History

You have not taken this quiz